000 00384 a2200157 4500
001 71331
020 _a8526264591
040 _cAnchieta - Colégio São Paulo
100 _aLouzeiro, José
240 1 0 _aTriste fim de Policarpo Quaresma
_lpor
245 1 0 _aTriste fim de Policarpo Quaresma
300 _a56
362 0 _a2006
650 4 _aLiteratura infanto-juvenil
942 _cBK
999 _c71331
_d71331